00369 2200157 4500001002100000005001500021035002000036245002500056100001200081300002600093260003600119082000800155084001400163020002200177990001200199INLIS00000000000310720251001100118 a0010-10250000111 aMelodylan /cAsriaci0 aAsriaci a328 hlm ;c14 x 20 cm aJakarta :bCoconut Books,c2017 a813 a813 ASR m a978-602-6940-67-4 a0755519